• 首页
  • 本馆介绍
  • 公告通知
  • 最新文献
  • 馆藏检索
  • 电子资源
  • 读者导购
  • 参考咨询
  • 我的图书馆
  • 登录
  • 详细信息显示
  • 放入我的书架
  • 预约/预借图书
  • 作者相关作品
  • 分类相关作品
  • 丛书相关作品
  • 出版社相关作品

书目信息

  • 表格格式
  • 工作单格式
  • 卡片格式
题名:
庭园与阳台的绿化装饰及管理
    
 
作者: 黄建荣 , 李莉 编著
分册:  
出版信息: 上海   上海科学技术出版社  1998
页数: 83页
开本: 19cm
丛书名: 花鸟鱼虫精选丛书
单 册:
中图分类: S688.5
科图分类:
主题词: 植物造型--园林
电子资源:
ISBN: 7-5323-4873-3
000 00710nam2 2200229 45
001 0412011464
005 20041201141552.4
010    @a7-5323-4873-3@dCNY6.80
100    @a20041201d1998 km y0chiy0120 ea
101 0  @achi
105    @aa z 000yy
200 1  @a庭园与阳台的绿化装饰及管理@ATing Yuan Yu Yang Tai De Lu Hua Zhuang ShiJi Guan Li@f黄建荣,李莉编著@FHuang Jian Rong,Li Li Bian Zhu
210    @a上海@c上海科学技术出版社@d1998
215    @a83页@c图@d19cm
225    @a花鸟鱼虫精选丛书
410    @12001 @a花鸟鱼虫精选丛书
606 0  @a植物造型@x园林
690    @aS688.5@v4
701  0 @a黄建荣@4编著
701  0 @a李莉@4编著
801    @aCN@bTSTCL@c20041201
905    @b336195-199@dS688.5@e67@f5
    
    庭园与阳台的绿化装饰及管理/黄建荣,李莉编著.-上海:上海科学技术出版社,1998
    83页:图;19cm.-(花鸟鱼虫精选丛书)
    
    
    ISBN 7-5323-4873-3:CNY6.80
    
●
相关链接 在E读中查询图书 在五车中查询图书 在当当中查询图书 在豆瓣中查询图书


正题名:庭园与阳台的绿化装饰及管理     索取号:S688.5/67         预约/预借

序号 登录号 条形码 馆藏地/架位号 状态 备注
1 0336195   203361959   第三借阅区/ [索取号:S688.5/67] 在馆    
2 0336196   203361968   第三借阅区/ [索取号:S688.5/67] 在馆    
3 0336197   203361977   第三借阅区/ [索取号:S688.5/67] 在馆    
4 0336198   203361986   第三借阅区/ [索取号:S688.5/67] 在馆    
5 0336199   203361995   第二样本阅览室/ [索取号:S688.5/67] 在馆    
唐山师范学院图书馆 欢迎您!
大连网信软件有限公司© 版权所有